000 00467cam a2200145 4500500
005 20251228074215.0
041 _afre
042 _adc
100 1 0 _aLascoux, Liliane
_eauthor
245 0 0 _aAmour et jalousie chez Balzac et Rossini
260 _c2005.
500 _a36
786 0 _nL'Année balzacienne | 6 | 1 | 2005-06-01 | p. 383-393 | 0084-6473
856 4 1 _uhttps://shs.cairn.info/revue-l-annee-balzacienne-2005-1-page-383?lang=fr&redirect-ssocas=7080
999 _c1597148
_d1597148